| 000 | 01943nam a2200289 a 4500 | ||
|---|---|---|---|
| 001 | 75442 | ||
| 003 | BD-RjUL | ||
| 005 | 20211209082705.0 | ||
| 008 | 190409s2017 bg a|||||mb|| 00| ddben d | ||
| 035 | _a(BD-RjUL)75660 | ||
| 040 |
_aBD-RjUL _bben/eng _cBD-RjUL _dBD-RjUL |
||
| 041 | _aben | ||
| 082 |
_223 _a398.0954924 _bISR 2017 |
||
| 100 | 1 |
_aইসলাম, মো. শফিকুল _9230306 |
|
| 245 | 1 | 0 |
_aরাজশাহী জেলার লোকসঙ্গীতে জীবন ও সমাজ = Life and Society Reflected in Folk Songs of Rajshahi district / _cমো. শফিকুল ইসলাম ; _6তত্ত্বাবধায়ক : মো. শহীদুর রহমান |
| 246 | _aLife and Society Reflected in Folk Songs of Rajshahi district | ||
| 260 |
_aরাজশাহী : _bফোকলোর বিভাগ, রাজশাহী বিশ্ববিদ্যালয়, _c২০১৭ |
||
| 300 |
_axi, ৪০২ পাতা ; _c৩০ সেমি. |
||
| 502 | _aথিসিস (পিএইচ. ডি.)-- ফোকলোর বিভাগ, রাজশাহী বিশ্ববিদ্যালয়, ২০১৭ | ||
| 504 | _aসহায়ক গ্রন্থ : পাতা ৩১৭-৩২৯ | ||
| 650 |
_aলোকসঙ্গীত _zবাংলাদেশ _zরাজশাহী জেলা _xইতিহাস এবং সমালোচনা _9230309 |
||
| 650 |
_aFolk music _zBangladesh _zRajshahi district _xHistory and criticism _9230310 |
||
| 650 |
_aলোকসঙ্গীত, বাংলা _zবাংলাদেশ _z রাজশাহী জেলা _xইতিহাস এবং সমালোচনা _9244460 |
||
| 650 |
_aFolk songs, Bengali _zBangladesh _zRajshahi _xHistory and criticism _9244461 |
||
| 700 |
_aরহমান, মো. শহীদুর, তত্ত্বাবধায়ক _9230308 |
||
| 942 |
_2ddc _cTHE |
||
| 999 |
_c75442 _d75442 |
||